| 000 | 00779nam a2200265 a 4500 | ||
|---|---|---|---|
| 001 | 000037111 | ||
| 003 | OSt | ||
| 005 | 20240530073921.0 | ||
| 008 | 091113s2005 dr 000 0 spa d | ||
| 020 | _a9945851004 | ||
| 040 |
_aDO-SdBNP _bspa _cBNPHU |
||
| 082 |
_aRD863.44 _bM516n 2005 _222 |
||
| 100 | 1 |
_aMejía, William, _d1950- _9738 |
|
| 245 | 1 | 0 |
_aNaufragio / _cWilliam Mejía. |
| 250 | _a2a. ed. | ||
| 260 |
_aSanto Domingo : _bPerla, _c2005. |
||
| 300 |
_a240 [2] p. ; _c23 cm. |
||
| 500 | _aIncluye datos biográficos del autor en la contracubierta | ||
| 590 | _aInventariado,2020/VM | ||
| 650 | 0 |
_aNovela dominicana _9223 |
|
| 650 | 0 |
_aLiteratura dominicana. _967 |
|
| 650 | 4 |
_aProblemas sociales en la literatura _929266 |
|
| 910 | _aVMateo | ||
| 942 |
_2ddc _cLBS1 |
||
| 999 |
_c36601 _d36601 |
||